HUMAN ANATOMY (Record no. 215853)

MARC details
000 -LEADER
fixed length control field 00384nam a22001577a 4500
008 - FIXED-LENGTH DATA ELEMENTS--GENERAL INFORMATION
fixed length control field 250708b |||||||| |||| 00| 0 eng d
020 ## - INTERNATIONAL STANDARD BOOK NUMBER
International Standard Book Number 978-0-7234-3827-4
050 ## - LIBRARY OF CONGRESS CALL NUMBER
Classification number QM 25.H86 2017
100 ## - MAIN ENTRY--PERSONAL NAME
Personal name GOSLING J.A
245 ## - TITLE STATEMENT
Title HUMAN ANATOMY
260 ## - PUBLICATION, DISTRIBUTION, ETC.
Place of publication, distribution, etc. AUSTRALIA
Name of publisher, distributor, etc. ELSEVIER
Date of publication, distribution, etc. 2017
300 ## - PHYSICAL DESCRIPTION
Extent X,437
500 ## - GENERAL NOTE
General note INCLUDES AN INDEX
942 ## - ADDED ENTRY ELEMENTS (KOHA)
Source of classification or shelving scheme Library of Congress Classification
Koha item type Long Loan Book
Holdings
Withdrawn status Lost status Source of classification or shelving scheme Damaged status Not for loan Collection Home library Current library Shelving location Date acquired Inventory number Total checkouts Full call number Barcode Date last seen Date last checked out Copy number Price effective from Koha item type
    Library of Congress Classification     Medicine Kisii University Library Kisii University Library On Display 07/08/2025 97837 1 QM 25.H86 2017 019643 07/18/2025 07/08/2025 C.3 07/08/2025 Long Loan Book